MARC

LEADER 00000nam0a2200000 4500
001 271411
005 20231101234432.0
035 |a (RuTPU)RU\TPU\book\294593 
090 |a 271411 
100 |a 20141007d1987 km y0rusy50 ca 
101 0 |a rus 
102 |a RU 
105 |a y z 001zy 
200 1 |a Международные факторы социального прогресса  |f М. К. Бункина [и др.] 
210 |a Москва  |c Международные отношения  |d 1987 
215 |a 320 с. 
320 |a Библиогр.: с. 308-317 
606 1 |a Международные отношения  |z 20 в.  |z 21 в.  |2 stltpush  |3 (RuTPU)RU\TPU\subj\41935  |9 61703 
606 1 |a Идеологическая борьба  |2 stltpush  |3 (RuTPU)RU\TPU\subj\12180  |9 39013 
610 1 |a социальный прогресс 
610 1 |a социальное развитие 
610 1 |a идейно-политическая борьба 
610 1 |a реальный социализм 
610 1 |a капитализм 
610 1 |a империализм 
610 1 |a западные страны 
610 1 |a США 
610 1 |a развивающиеся страны 
610 1 |a ТНК 
610 1 |a транснациональные корпорации 
610 1 |a экономическая интеграция 
610 1 |a противоречия 
610 1 |a гонка вооружений 
610 1 |a ООН 
610 1 |a борьба за мир 
610 1 |a антивоенное движение 
610 1 |a международная солидарность 
686 |a Ф4(0)  |v LBC/SL-A  |2 rubbk 
686 |a Ф4(0)5  |v LBC/SL-A  |2 rubbk 
701 1 |a Бункина  |b М. К. 
701 1 |a Дементьев  |b Р. В. 
701 1 |a Загладин  |b В. В. 
701 1 |a Зарицкий  |b Б. Е. 
801 1 |a RU  |b 63413507  |c 20141007 
801 2 |a RU  |b 63413507  |c 20170309  |g RCR 
942 |c BK